Tribhuvan University Central Library

Environmental impact assessment 'EIA' report of Suti Khola Hydrodroelectricity Project '20mw' final report (Record no. 71202)

MARC details
000 -LEADER
fixed length control field 00639nam a22002177a 4500
008 - FIXED-LENGTH DATA ELEMENTS--GENERAL INFORMATION
fixed length control field 000000b xxu||||| |||| 00| 0 und d
015 ## - NATIONAL BIBLIOGRAPHY NUMBER
-- NNB
041 ## - LANGUAGE CODE
Language code of text/sound track or separate title Eng
082 ## - DEWEY DECIMAL CLASSIFICATION NUMBER
Classification number 333.714
Item number En89
-- N
110 ## - MAIN ENTRY--CORPORATE NAME
Corporate name or jurisdiction name as entry element
-- Nepal. Ministry of Environment
245 ## - TITLE STATEMENT
Title Environmental impact assessment 'EIA' report of Suti Khola Hydrodroelectricity Project '20mw' final report
260 ## - PUBLICATION, DISTRIBUTION, ETC.
Place of publication, distribution, etc. Lalitpur
Name of publisher, distributor, etc. Marsyangdi Groups
Date of publication, distribution, etc. 2011
300 ## - PHYSICAL DESCRIPTION
Extent vols.
650 ## - SUBJECT ADDED ENTRY--TOPICAL TERM
Topical term or geographic name entry element Biological impact
650 ## - SUBJECT ADDED ENTRY--TOPICAL TERM
Topical term or geographic name entry element Ecological impacts
650 ## - SUBJECT ADDED ENTRY--TOPICAL TERM
Topical term or geographic name entry element Ecosystem
650 ## - SUBJECT ADDED ENTRY--TOPICAL TERM
Topical term or geographic name entry element Environment
650 ## - SUBJECT ADDED ENTRY--TOPICAL TERM
Topical term or geographic name entry element Water resources
942 ## - ADDED ENTRY ELEMENTS (KOHA)
Koha item type General Collections
Source of classification or shelving scheme Dewey Decimal Classification
505 ## - FORMATTED CONTENTS NOTE
-- v.2. Annex Report
Holdings
Withdrawn status Lost status Damaged status Not for loan Home library Current library Date acquired Total Checkouts Full call number Barcode Date last seen Price effective from Koha item type
        Tribhuvan University Central Library Tribhuvan University Central Library 04/16/2014   333.714 En89 G73352v.2 04/16/2014 04/16/2014 General Collections